| 000 | 01152nam a22002057a 4500 | ||
|---|---|---|---|
| 999 |
_c64038 _d64038 |
||
| 003 | Ge_BSU | ||
| 005 | 20260313162459.0 | ||
| 008 | 260313s1961 ge ||||| |||| 00| 0 geo d | ||
| 041 | _ageo | ||
| 080 | _a910(479.22)(092) გ-96 | ||
| 100 |
_aგურგენიძე, გივი _925892 |
||
| 245 |
_aვახუშტი - საქართველოს სახალხო მეურნეობის მკვლევარი-ეკონომგეოგრაფი / _cგივი გურგენიძე; [ალ. ჯავახიშვილის წინასიტყვაობით და რედ.]; საქ. სსრ მეცნ. აკადემია. |
||
| 264 |
_aთბილისი : _bსაქ. სსრ მეცნ. აკად. გამ-ბა, _c1961. |
||
| 300 |
_a73 გვ. : _b2ფ. ილ. ; _c20 სმ. |
||
| 504 | _aბიბლიოგრ: გვ. 68-71. | ||
| 520 | _aრეზ. რუს. ენ. | ||
| 653 | _aვახუშტი ბაგრატიონი | ||
| 653 | _aქართველი გეოგრაფები | ||
| 942 |
_2udc _cᲬᲘᲒᲜᲘ |
||